000 00479nam a2200181Ia 4500
005 20250326125808.0
008 250326s9999 xx 000 0 und d
037 _aTextbook
040 _aFMSL
_beng
_cFMSL
041 _aeng
_2eng
084 _aX:8F N1
_qFMSL
100 _aShillinglaw G
_9739709
245 0 _aCost accounting
_cShillinglaw G
260 _aIllinois
_bIllinois, Irwin
_c1961
300 _a779p
942 _cTB
_hX:8F N1
999 _c1279614
_d1279614